25 Highest Rated Players in 2k14 - Statistics

General Stats
  • This quiz has been taken 2,179 times
  • The average score is 13 of 25
Answer Stats
Hint Answer % Correct
100 LeBron James
100%
94 Kevin Durant
93%
93 Kobe Bryant
86%
88 Stephen Curry
84%
91 Russell Westbrook
82%
94 Chris Paul
79%
92 Dwyane Wade
78%
89 James Harden
74%
87 Tim Duncan
73%
92 Carmelo Anthony
67%
92 Derrick Rose
66%
91 Dwight Howard
65%
87 Tony Parker
60%
89 Kyrie Irving
56%
88 Paul George
51%
86 Kevin Love
44%
90 Rajon Rondo
42%
89 Deron Williams
40%
86 Manu Ginobili
30%
86 Josh Smith
18%
88 Jrue Holiday
14%
86 Andre Iguodala
12%
86 Rudy Gay
12%
87 Andrew Bynum
8%
86 Ty Lawson
8%
No matching quizzes found
Score Distribution
Percent of People with Each Score
Percentile by Number Answered
Your Score History
You have not taken this quiz